Междуцарствие. Кн. 2: Установление и империя (Запись № 6374236)

Подробности
000 -МАРКЕР
контрольное поле 00986nam2a22002291 4500
001 - ИДЕНТИФИКАТОР ЗАПИСИ
контрольное поле rc\6498
005 - ИДЕНТИФИКАТОР ВЕРСИИ
контрольное поле 20250620120823.0
035 ## - ДРУГИЕ СИСТЕМНЫЕ НОМЕРА
Идентификатор записи (NLR Aleph) 005309793
100 ## - ДАННЫЕ ОБЩЕЙ ОБРАБОТКИ
Данные общей обработки 20021204d1991 |||y0rusy50 ca
101 0# - ЯЗЫК РЕСУРСА
Язык текста, звукозаписи и т.д. русский
102 ## - СТРАНА ПУБЛИКАЦИИ ИЛИ ПРОИЗВОДСТВА
Страна публикации Российская Федерация
105 ## - ПОЛЕ КОДИРОВАННЫХ ДАННЫХ: ТЕКСТОВЫЕ МАТЕРИАЛЫ, МОНОГРАФИЧЕСКИЕ
Кодированные данные о монографическом текстовом документе y |||||||||
200 1# - ЗАГЛАВИЕ И СВЕДЕНИЯ ОБ ОТВЕТСТВЕННОСТИ
Основное заглавие Установление и империя
Сведения, относящиеся к заглавию [Роман
-- [Науч.-фантаст. трилогия]
Первые сведения об ответственности Пер. с англ. М. Портного]
210 ## - ПУБЛИКАЦИЯ, РАСПРОСТРАНЕНИЕ И ДР.
Дата издания, распространения и т.д. 1991
Место издания, распространения и т.д. Б. м.
215 ## - ФИЗИЧЕСКАЯ ХАРАКТЕРИСТИКА
Специфическое обозначение материала и объем 223 с.
Размеры 21
461 #0 - УРОВЕНЬ НАБОРА
Встроенное поле 001rc\6496
-- 2001#$aМеждуцарствие$e[Пер. с англ.]$fАйзек Азимов$g[Предисл. М. Портного]$vКн. 2
-- 700#1$aАзимов$bА.$gАйзек$f1920-1992
Системный номер (АБИС) связанной записи 6374220
Автор Азимов, А. (1920-1992)
Место публикации М.
Дата публикации 1991-
Первые сведения об ответственности Айзек Азимов
Имя издателя, распространителя и т.д. Старт
Сведения, относящиеся к заглавию [Пер. с англ.]
Заглавие Междуцарствие
Номер тома Кн. 2
801 #0 - ИСТОЧНИК ЗАПИСИ
Страна Российская Федерация
Организация NLR
Правила каталогизации psbo
801 #1 - ИСТОЧНИК ЗАПИСИ
Страна Российская Федерация
Организация ELAR
Источник данных rusmarc
852 ## - МЕСТОНАХОЖДЕНИЕ И ШИФР ХРАНЕНИЯ
Идентификатор организации NLR
Шифр хранения (Call Number) 91-3/10488
942 ## - ДОПОЛНИТЕЛЬНЫЕ ЭЛЕМЕНТЫ ЗАПИСИ (АБИС)
Тип экземпляра АБИС Книга
980 ## - КОЛЛЕКЦИЯ
Название коллекции Национальная библиография
Экземпляры
Тип экземпляра Дата поступления Библиотека постоянного хранения Библиотека текущего хранения Место хранения Шифр хранения Штрих-код Статус экземпляра
Книга 26.10.2013 РНБ (Московский) РНБ (Московский) Русский книжный фонд: издания с 1957 года 91-3/10488 5309793-10